Za'ba : ahli fikir dan ahli bahasa

Bibliographic Details
Main Author: Asmah Haji Omar, Dato (Author)
Format: Book
Published: Kuala Lumpur : Dewan Bahasa dan Pustaka 2015
Subjects:

MARC

LEADER 00000cam a2200000 7i4500
001 0000093671
005 20240124093100.0
020 |a 9789834611507 (  |q paperback) 
040 |e rda 
041 |a Malay 
090 0 0 |a 499.23092   |b ASH 
100 0 |a Asmah Haji Omar, Dato ,   |e (author) 
245 1 0 |a Za'ba :   |b ahli fikir dan ahli bahasa   |c Asmah haji Omar 
264 1 |a Kuala Lumpur :   |b Dewan Bahasa dan Pustaka   |c 2015 
300 |a 261 pages ;   |c 23 cm. 
336 |a text  |2 rdacontent 
337 |a unmediated  |2 rdamedia 
338 |a volume  |2 rdacarrier 
500 |a Includes index 
541 |c Donation book   |f Inisiatif Belanjawan 2023 
650 0 |a Intellectuals   |z Malaysia 
650 0 |a Scholars, Muslim   |x Malay archipelago 
650 0 |a Za'ba, Pendeta, 1895-1973 
730 0 |a Title 
999 |a 0001753639   |b Book   |c Adult Collection   |e Perbadanan Perpustakaan Awam Johor 
999 |a 0001753640   |b Book   |c Adult Collection   |e Cawangan Urban Transformation Centre 
999 |a 0001753641   |b Book   |c Adult Collection   |e Cawangan AEON Kulaijaya 
999 |a 0001753642   |b Book   |c Adult Collection   |e Cawangan Mersing 
999 |a 0001753643   |b Book   |c Adult Collection   |e Cawangan Mersing 
999 |a 0001753644   |b Book   |c Adult Collection   |e Cawangan Bandar Penawar 
999 |a 0001753645   |b Book   |c Adult Collection   |e Cawangan Pontian 
999 |a 0001753646   |b Book   |c Adult Collection   |e Cawangan Batu Pahat 
999 |a 0001753647   |b Book   |c Adult Collection   |e Cawangan Bandar Tenggara 
999 |a 0001753648   |b Book   |c Adult Collection   |e Cawangan Segamat 
999 |a 0001753649   |b Book   |c Adult Collection   |e Cawangan Taman Sri Lambak 
999 |a 0001753650   |b Book   |c Adult Collection   |e Cawangan Tangkak 
999 |a 0001753651   |b Book   |c Adult Collection   |e Cawangan Bukit Gambir 
999 |a 0001753652   |b Book   |c Adult Collection   |e Perbadanan Perpustakaan Awam Johor 
999 |a 0001753653   |b Book   |c Adult Collection   |e Cawangan Kota Tinggi 
999 |a 0001753654   |b Book   |c Adult Collection   |e Cawangan Muar 
999 |a 0001753655   |b Book   |c Adult Collection   |e Cawangan Tmn. Ungku Tun Aminah 
999 |a 0001753656   |b Book   |c Adult Collection   |e Cawangan Kota Tinggi 
999 |a 0001753657   |b Book   |c Adult Collection   |e Cawangan Taman Sri Lambak